|
|
|
|
| LEADER |
01443nam a22003497a 4500 |
| 001 |
mzk03001024311 |
| 003 |
CZ BrMZK |
| 005 |
20080902173302.0 |
| 007 |
ta |
| 008 |
050606s1606 gw fr|||||00| ||latod |
| 040 |
|
|
|a BOA001
|b cze
|c BOA001
|
| 072 |
|
7 |
|a 094
|x Staré tisky
|2 Konspekt
|9 12
|
| 080 |
|
|
|a (0.068)094
|2 MRF
|
| 100 |
1 |
|
|a Caesar, Gaius Iulius,
|d 100 př. Kr.-44 př. Kr.
|7 jn19981000434
|4 aut
|
| 245 |
1 |
0 |
|a Commentariorum de bello Gallico lib. VII. :
|b A. Hirtii de eodem, liber VIII. C. Caesaris de bello ciuili Pomp. libri III. A. Hirtii de bello Alex. liber I. de bello Afric. liber I. de bello Hispan. liber I
|
| 260 |
|
|
|a Ingolstadii :
|b Adam Sartorius,
|c 1606
|
| 300 |
|
|
|a 566 s. ;
|c 8°
|
| 500 |
|
|
|a Výzdoba: Signet, iniciály
|
| 561 |
|
|
|a Provenience: C.B.V. in Coelos Assumptae dono dedit Joachimus Czermak
|
| 561 |
|
|
|a Provenience: dva přeškrtané záznamy z r. 1616
|
| 563 |
|
|
|a Vevázáno do listu z latinského pergamenového rukopisu 14. století, patrně Nový zákon
|
| 655 |
|
7 |
|a staré tisky
|7 fd422076
|2 czenas
|
| 700 |
0 |
|
|a Hirtius,
|d 85 př. Kr.-43 př. Kr.
|7 mzk2008434278
|4 oth
|
| 903 |
|
|
|a RP
|
| 910 |
|
|
|a BOA001
|b G-0002.147
|
| 978 |
|
|
|b Sartorius, Adam
|a Ingolstadt
|c 1606
|
| 984 |
|
|
|a Ingolstadt
|b Německo
|
| 985 |
|
|
|a 1601-1650
|
| 990 |
|
|
|a BK
|
| 993 |
|
|
|a Y
|
| 991 |
|
|
|k mzk
|
| 996 |
6 |
|
|b 2610422550
|c G-0002.147
|l stud. ST
|r Sklad / do násl. otevíracího dne
|n 0
|w 001024311
|u 000010
|a 1
|e BOA001
|s P
|